000 00336nam a22001577a 4500
003 SGT
020 _a9789350355060
082 _a347.90954,BAN
100 _aBANSAL,A.K
245 _aARBITRATION AND ADR
250 _a4TH
260 _aNEW DELHI
_bUNIVERSAL BOOKS
_c128
300 _a128
650 _aARBITRATION
942 _2ddc
_cBK
_021
999 _c9702
_d9702